Britain acts to prevent illicit trade in art (Record no. 66408)

MARC details
000 -LEADER
fixed length control field 00747cam a2200217 4500
001 - CONTROL NUMBER
control field WB3711-01
008 - FIXED-LENGTH DATA ELEMENTS--GENERAL INFORMATION
fixed length control field 000000n2001 000 0 eng u
035 ## - SYSTEM CONTROL NUMBER
System control number (Sirsi) u111451
245 ## - TITLE STATEMENT
Title Britain acts to prevent illicit trade in art
260 ## - PUBLICATION, DISTRIBUTION, ETC.
Date of publication, distribution, etc. 2001
490 ## - SERIES STATEMENT
Series statement Times
Volume/sequential designation 15 March 2001, 13(1)
490 ## - SERIES STATEMENT
Series statement Antiques Trade Gazette
Volume/sequential designation (1481) 24 March 2001, 1(1)
520 ## - SUMMARY, ETC.
Summary, etc. Britain has signed an international agreement to tackle illicit trade in stolen art and cultural treasures. Britain is the second largest art market and a known conduit for illegal trade.
590 ## - LOCAL NOTE (RLIN)
Local note WB
650 ## - SUBJECT ADDED ENTRY--TOPICAL TERM
Topical term or geographic name entry element ILLICIT TRADE
650 ## - SUBJECT ADDED ENTRY--TOPICAL TERM
Topical term or geographic name entry element ART THEFT
650 ## - SUBJECT ADDED ENTRY--TOPICAL TERM
Topical term or geographic name entry element STOLEN GOODS
650 ## - SUBJECT ADDED ENTRY--TOPICAL TERM
Topical term or geographic name entry element ART SALES
690 ## - LOCAL SUBJECT ADDED ENTRY--TOPICAL TERM (OCLC, RLIN)
Topical term or geographic name as entry element Arts and antiques
9 (RLIN) 6217
942 ## - ADDED ENTRY ELEMENTS (KOHA)
Suppress in OPAC 0
Holdings
Withdrawn status Lost status Source of classification or shelving scheme Damaged status Not for loan Home library Current library Shelving location Date acquired Total Checkouts Full call number Barcode Date last seen Copy number Price effective from Koha item type
    Dewey Decimal Classification     London London News article 15/03/2001   WB3711-01 111451-1001 06/08/2019 1 06/08/2019 News article